Регионална библиотека "Любен Каравелов" - Русе

Производствени процеси във вълнената промишленост (Запис номер 379167)

MARC детайли
000 -Лидер
Контролно поле с фиксирана дължина 01777nam a2200397 c 4500
003 - Код на организацията, давaща контролен номер
Контролно поле BLK
005 - Дата и час на последна редакция
Контролно поле 20210908164427.0
008 - Елементи от данни с фиксирана дължина
fixed length control field 200316b bul|||||r ||||||| ||bul||
010 ## - Наследен системен номер
LC control number KNG00177440RET
040 ## - Източник на каталожния запис
Идентификатор на билиотеката - собственик на записа BLK
041 ## - Код за език
Код за езика на текст/звукозапис или на отделно заглавие Български
Код за езика КДБФ Български
080 ## - УДК
Текстов определител УДК Естествени минерални влакна
УДК код - определител по УДК 677.51
УДК - код + определител 677.51
100 1# - Редна дума - Автор
Автор Пешев, Христо
Авторска отговорност първи автор
R(LIN) 423441
139 ## - Редно поле
Редна дума Пешев, Христо
245 10 - Сведения за заглавието
Заглавие Производствени процеси във вълнената промишленост
Редно поле (дума) Христо Пешев; Иван Бор. Атанасов; Борис Ангелов Сребров;
257 ## - Страна на издаване
Страна на създаване/издаване България
260 ## - Област на издателските данни
Място на издаване, разпространение и проч. София
Име на издателя, разпространителя и проч. Техника
Година на издаване 1963
Печатница Враца : В. Александров
300 ## - Физическа характеристика
Страници 132 с.
Илюстрации и др. с ил.
Размери/Мащаб 18 см
380 ## - Жанр
Жанр Техника
490 ## - СЕРИИ (Колекции)
Име на серия Библиотека на производствениците от текстилната промишленост
9 (RLIN) 206274
500 ## - Общи забележки
Забележка 2 582 тир.
650 #4 - Допълнително описание по предмет – тема
Основно описание – тема или топоним Вълнена промишленост
9 (RLIN) 151465
653 #7 - Ключова дума – ненормативна
Ключова дума тъкачество
9 (RLIN) 198834
700 1# - Други автори (авторска отговорност)
Лично име Атанасов, Иван Бор.
Автороска отговорност (Описва отношението между автора и произведението) съавт.
9 (RLIN) 423442
700 1# - Други автори (авторска отговорност)
Лично име Сребров, Борис Ангелов
Автороска отговорност (Описва отношението между автора и произведението) съавт.
9 (RLIN) 423443
852 ## - Местоположение
Форматна сигнатура Цб І 6382
Фондова буква Хранилище
856 4# - Електронен адрес и достъп
Електронен формат pdf - файл
Път до файла /url/
856 4# - Електронен адрес и достъп
Електронен формат pdf - файл
Път до файла /url/
999 ## - СИСТЕМНИ КОНТРОЛНИ НОМЕРА
Koha biblionumber 379167
Koha biblioitemnumber 379167
942 ## - АРТИКУЛИ
Вид на библиотечния материал Книги
Скрит в OPAC Не
Източник на класификационната схема Universal Decimal Classification
Периодичен библиозапис Да
Koha issues (borrowed), all copies 1
Наличности
Код за отписване Код за изгубен артикул Източник на класификационната схема Код за повреда Коз за рестрикции Код за отдаване Артикулен № Име на библиотеката - собственик Име на библиотеката, в която се намира в момента Статус (Текущо местоположение) Дата на вписване в системата Местоположение - отдел Цена в лева Инвентарен номер Систематично азбучна сигнатура Баркод Цена в евро Служебен тип на артикула
  Не е изгубен Universal Decimal Classification Не е повреден само за читалня ползва се в читалня 788666 Регионална библиотека "Любен Каравелов" Русе Регионална библиотека "Любен Каравелов" Русе Хранилище 2020-08-07 Хранилище 0.20 13254/63 Цб І 6382 900000028137 0.10 Книги
Vip Innovations Ltd, Rousse, Bulgaria 2025